000 00737cam a2200289 4500
001 J83825
008 090401t1997 xxu||||| |||| 00| 0 eng d
035 _a(Sirsi) u78210
041 _aeng
050 _a333.33094641
110 _aRichard Ellis
_91875
245 _aMadrid metropolitan area (1997).
260 _aWashington, D.C.
_bUrban Land Institute
_c1997
300 _a(8)p. : ill.,map ; 30cm.
350 _a0
490 _aULI Market Profiles
650 _aINDUSTRIAL PROPERTY
650 _aMADRID
650 _aOFFICES
650 _aPROPERTY MARKET
650 _aRESIDENTIAL PROPERTY
_96266
650 _aRETAIL PROPERTY
650 _aSPAIN
690 _aOVERSEAS-EUROPE
942 _n0
948 _c07/05/1997
999 _c96403
_d96403